[Event "Mondiale Lampo FIDE 2022"]
[Site "Alma Ata"]
[Date "30.12.2022"]
[Round "20.63"]
[White "Svane, Frederik"]
[Black "Harsha, Bharathakoti"]
[Result "1-0"]
[WhiteTitle ""]
[BlackTitle ""]
[WhiteElo "2568"]
[BlackElo "2593"]
[WhiteFideId "12923044"]
[BlackFideId "5078776"]
[EventDate "29.12.2022"]

1. e4 g6 2. d4 Bg7 3. Nf3 d6 4. Nc3 a6 5. a4 Bg4 6. Be2 Nc6 7. Be3 Bxf3 8. Bxf3
e5 9. dxe5 dxe5 10. Nd5 Nge7 11. O-O O-O 12. c3 Rb8 13. a5 Nxd5 14. exd5 Ne7 15.
Ba7 Ra8 16. Bc5 Re8 17. Qb3 Nf5 18. Qxb7 Rb8 19. Qxa6 e4 20. Bg4 Qxd5 21. b4
Bxc3 22. Rad1 Nd4 23. Be2 Nxe2+ 24. Qxe2 Qe6 25. a6 Bxb4 26. a7 Bxc5 27. axb8=Q
Rxb8 28. Rc1 Bb6 29. Rfe1 Re8 30. Qc4 Qf5 31. Rc2 e3 32. fxe3 Rxe3 33. Rxe3
Bxe3+ 34. Kh1 Bb6 35. Rc1 Kg7 36. Rf1 Qd7 37. Qc3+ Bd4 38. Rd1 Bxc3 39. Rxd7 Be5
40. Kg1 Kf6 41. h3 Ke6 42. Rd1 c5 43. Kf2 c4 44. Ke3 f5 45. Rb1 h5 46. Rb6+ Kf7
47. Rc6 c3 48. Kd3 h4 49. Kc4 g5 50. Kd5 Bf6 51. Kd6 g4 52. Kd5 Bh8 53. Rc4 gxh3
54. gxh3 Bf6 55. Kd6 Bg7 56. Rxh4 Kg6 57. Rc4 Kg5 58. h4+ Kg6 59. Ke6 Bh8 60.
Rc5 Bd4 61. Rc6 Kh5 62. Kxf5 Kxh4 63. Rc4 c2 64. Rxd4+ 1-0

[Event "Mondiale Lampo FIDE 2022"]
[Site "Alma Ata"]
[Date "30.12.2022"]
[Round "20.64"]
[White "Zverev, Lev"]
[Black "Dragnev, Valentin"]
[Result "0-1"]
[WhiteTitle ""]
[BlackTitle ""]
[WhiteElo "2310"]
[BlackElo "2556"]
[WhiteFideId "24250775"]
[BlackFideId "1634852"]
[EventDate "29.12.2022"]

1. e4 c6 2. d4 d5 3. e5 Bf5 4. Nf3 e6 5. Be2 c5 6. Be3 Nd7 7. c4 dxc4 8. Bxc4
Ne7 9. Nc3 Nc6 10. d5 Ncxe5 11. Nxe5 Nxe5 12. Qa4+ Nd7 13. O-O-O e5 14. d6 g5
15. Nb5 Rc8 16. Nc7+ Rxc7 17. dxc7 Qxc7 18. Bxg5 Bg7 19. Bb5 f6 20. Be3 a6 21.
Bxd7+ Bxd7 22. Qc4 Bf8 23. Rd2 h5 24. Rhd1 Rh7 25. Qe4 Rf7 26. Qg6 Be6 27. Bh6
Bxh6 28. Qxh6 Qa5 29. Qh8+ Ke7 30. Rd8 Qb5 31. R8d3 Rf8 32. Qh7+ Rf7 33. Qe4 Rg7
34. Rg3 Rf7 35. a4 Qb6 36. Rc3 Rg7 37. Qe3 Kf7 38. Qxc5 Qxc5 39. Rxc5 Rxg2 40.
Rc7+ Kg6 41. Rd2 Rxh2 42. Rxb7 h4 43. Rb6 Bg4 44. Rb8 h3 45. Rg8+ Kf5 46. Kc2
Bf3 47. Rh8 Rh1 48. Kb3 h2 49. Rd3 e4 50. Re3 Ke5 51. Rc3 f5 52. a5 f4 53. Rc5+
Kd4 54. Rc4+ Kd3 55. Rc2 e3 56. fxe3 fxe3 57. Rd8+ Ke4 58. Rc4+ Ke5 59. Rh4 e2
60. Re8+ Kd5 61. Rh3 Be4 62. Rh5+ Kd4 63. Rh4 e1=Q 64. Rd8+ Ke3 65. Rh3+ Ke2 66.
Rh4 Qxh4 0-1

[Event "Mondiale Lampo FIDE 2022"]
[Site "Alma Ata"]
[Date "30.12.2022"]
[Round "20.65"]
[White "Ivic, Velimir"]
[Black "Narayanan, Srinath"]
[Result "0-1"]
[WhiteTitle ""]
[BlackTitle ""]
[WhiteElo "2572"]
[BlackElo "2559"]
[WhiteFideId "950122"]
[BlackFideId "5018420"]
[EventDate "29.12.2022"]

1. d4 d5 2. c4 dxc4 3. e4 e5 4. Nf3 Bb4+ 5. Bd2 Bxd2+ 6. Qxd2 exd4 7. Nxd4 Ne7
8. Bxc4 O-O 9. Nc3 c5 10. Ndb5 Qxd2+ 11. Kxd2 Nbc6 12. Nc7 Rb8 13. Rad1 Nd4 14.
Kc1 Be6 15. Nxe6 fxe6 16. f3 Nec6 17. Rd2 Kf7 18. f4 Ke7 19. g3 b6 20. h4 Rbd8
21. h5 h6 22. e5 Nf5 23. Ne4 Rxd2 24. Kxd2 Rd8+ 25. Kc3 Nb4 26. Re1 Rd4 27. g4
Nh4 28. Re2 Nf3 29. f5 Nxe5 30. Nd2 Nxc4 31. Rxe6+ Kf7 32. Nxc4 Rd3# 0-1

[Event "Mondiale Lampo FIDE 2022"]
[Site "Alma Ata"]
[Date "30.12.2022"]
[Round "20.66"]
[White "Jumabayev, Rinat"]
[Black "Khusnutdinov, Rustam"]
[Result "1/2-1/2"]
[WhiteTitle ""]
[BlackTitle ""]
[WhiteElo "2609"]
[BlackElo "2441"]
[WhiteFideId "13702661"]
[BlackFideId "13701703"]
[EventDate "29.12.2022"]

1. d4 e6 2. Nf3 c5 3. c4 cxd4 4. Nxd4 Nf6 5. Nc3 Bb4 6. g3 d5 7. Bg2 O-O 8. O-O
dxc4 9. Nc2 Be7 10. Qxd8 Rxd8 11. Ne3 Nc6 12. Nxc4 Nd5 13. Bd2 Nxc3 14. Bxc3 Bd7
15. Rfd1 Be8 16. Ne5 Rac8 17. Nxc6 Bxc6 18. Rxd8+ Bxd8 19. Bxc6 Rxc6 20. Rd1 Bf6
21. Rd7 Rb6 22. Bd4 Rb4 23. Bc3 Rb6 24. b3 Kf8 25. Bxf6 gxf6 26. Kg2 Rb4 27. Kf3
a5 28. Ke3 a4 29. Rd3 Ke7 30. Kd2 axb3 31. axb3 Rb5 32. Kc3 f5 33. Kc4 Ra5 34.
Rd2 h5 35. Kb4 Re5 36. e3 b6 37. Rd4 Rc5 38. Rc4 Rd5 39. Rc2 Kd7 40. Re2 Kc6 41.
Rc2+ Kb7 42. Ka3 Re5 43. Rd2 Kc6 44. Kb4 h4 45. gxh4 f4 46. Rc2+ Kb7 47. exf4
Rh5 48. Rd2 Kc6 49. Rc2+ Kb7 50. Rd2 Kc6 51. Rc2+ Kb7 1/2-1/2

[Event "Mondiale Lampo FIDE 2022"]
[Site "Alma Ata"]
[Date "30.12.2022"]
[Round "20.67"]
[White "Damjanovic, Vuk"]
[Black "Moiseenko, Alexander"]
[Result "1-0"]
[WhiteTitle ""]
[BlackTitle ""]
[WhiteElo "2361"]
[BlackElo "2577"]
[WhiteFideId "980021"]
[BlackFideId "14102560"]
[EventDate "29.12.2022"]

1. d4 Nf6 2. Nf3 e6 3. c4 Bb4+ 4. Bd2 c5 5. Bxb4 cxb4 6. e3 O-O 7. Be2 d6 8. O-O
Nc6 9. a3 bxa3 10. Rxa3 e5 11. Nc3 h6 12. h3 Bf5 13. d5 Nb4 14. Qb3 a5 15. Na2
Na6 16. Nc3 Nc5 17. Qa2 b6 18. Nd2 Nfd7 19. Nb5 Qe7 20. b4 Na6 21. bxa5 Nb4 22.
Qb2 bxa5 23. Nb3 Qg5 24. Kh2 Be4 25. g3 Nd3 26. Qc3 N3c5 27. Nxd6 Qe7 28. Nxc5
Nxc5 29. Nb5 f5 30. d6 Qf7 31. Qxe5 Rae8 32. Qxc5 f4 33. exf4 Ba8 34. Bf3 Bxf3
35. Rxf3 Re2 36. Qd5 Qxd5 37. cxd5 Rd2 38. Ra3 Rxd5 39. Rxa5 Rff5 40. Rb1 Kh7
41. Kg2 Rd2 42. Kf3 Rd3+ 43. Ke4 Rfd5 44. Rb4 Rd1 45. Kf3 R1d3+ 46. Kg2 Rd2 47.
Rba4 Rb2 48. Na3 Rdd2 49. h4 Rxf2+ 50. Kh3 g6 51. h5 gxh5 52. Rxh5 Kg6 53. Kg4
Rbd2 54. d7 Rxd7 55. Ra6+ Kg7 56. Nc4 Rc2 57. Ne5 Rd8 58. Rg6+ 1-0

[Event "Mondiale Lampo FIDE 2022"]
[Site "Alma Ata"]
[Date "30.12.2022"]
[Round "20.68"]
[White "Sankalp, Gupta"]
[Black "Savchenko, Boris"]
[Result "1-0"]
[WhiteTitle ""]
[BlackTitle ""]
[WhiteElo "2485"]
[BlackElo "2552"]
[WhiteFideId "5097010"]
[BlackFideId "4147332"]
[EventDate "29.12.2022"]

1. d4 Nf6 2. Nf3 e6 3. Bf4 b6 4. e3 Bb7 5. h3 Bd6 6. Ne5 Be7 7. Nd2 d6 8. Nef3
c5 9. c3 O-O 10. Bd3 e5 11. dxe5 dxe5 12. Nxe5 Bxg2 13. Rg1 Bxh3 14. Qf3 Bd6 15.
Qxa8 Re8 16. Ndc4 Bc7 17. O-O-O Qc8 18. Qf3 b5 19. Rxg7+ Kxg7 20. Bh6+ 1-0

[Event "Mondiale Lampo FIDE 2022"]
[Site "Alma Ata"]
[Date "30.12.2022"]
[Round "20.69"]
[White "Arjun, Kalyan"]
[Black "Saraci, Nderim"]
[Result "1/2-1/2"]
[WhiteTitle ""]
[BlackTitle ""]
[WhiteElo "2505"]
[BlackElo "2468"]
[WhiteFideId "35018701"]
[BlackFideId "6351921"]
[EventDate "29.12.2022"]

1. e4 c5 2. Nf3 e6 3. d4 cxd4 4. Nxd4 a6 5. Bd3 Qc7 6. O-O Nf6 7. Qe2 d6 8. c4
Nbd7 9. Nc3 b6 10. f4 Bb7 11. Kh1 Rc8 12. f5 e5 13. Nb3 Be7 14. Bd2 Qb8 15. Nd5
Bd8 16. Rad1 Bc6 17. Bb4 a5 18. Bc3 a4 19. Nd2 Nc5 20. b4 axb3 21. Nxb3 Nxb3 22.
axb3 Bxd5 23. exd5 b5 24. Bd2 O-O 25. g4 e4 26. Bb1 bxc4 27. bxc4 Nd7 28. g5 Qb3
29. f6 Qxc4 30. Qxe4 Qxe4+ 31. Bxe4 gxf6 32. Bf5 Rc7 33. Bxd7 Rxd7 34. gxf6 Re8
35. Bh6 Re5 36. Rg1+ Kh8 37. Bg7+ Kg8 38. Rg3 h5 39. Rdg1 Kh7 40. Rg5 Rb7 41.
Rxe5 dxe5 42. Rg5 e4 43. Rxh5+ Kg6 44. Re5 Rb1+ 45. Kg2 Rb2+ 46. Kf1 Rxh2 47.
Rxe4 Rd2 48. Rg4+ Kf5 49. Rg3 Rxd5 50. Rf3+ Kg4 51. Rb3 Rd2 52. Rb4+ Kf5 53.
Rb5+ Kg6 54. Rb3 Bc7 55. Rf3 Be5 56. Rf2 Rd6 57. Kg2 Rd3 58. Rf3 Rd2+ 59. Rf2
Rd5 60. Rf3 Bd4 61. Rg3+ Kf5 62. Rf3+ Ke4 63. Bh6 Be5 64. Bg5 Rd8 65. Re3+ Kf5
66. Bh4 Bf4 67. Rb3 Kg4 68. Bf2 Rd6 69. Rb4 Rxf6 70. Be3 Kg5 71. Rxf4 Rxf4 72.
Kg3 1/2-1/2

[Event "Mondiale Lampo FIDE 2022"]
[Site "Alma Ata"]
[Date "30.12.2022"]
[Round "20.70"]
[White "Petrov, Nikita"]
[Black "Ansat, Aldiyar"]
[Result "1-0"]
[WhiteTitle ""]
[BlackTitle ""]
[WhiteElo "2537"]
[BlackElo "2291"]
[WhiteFideId "4101286"]
[BlackFideId "13715658"]
[EventDate "29.12.2022"]

1. d4 Nf6 2. Bg5 d5 3. e3 g6 4. c4 Bg7 5. Nc3 c6 6. Nf3 O-O 7. Rc1 b6 8. Bd3 Ba6
9. cxd5 cxd5 10. Bxa6 Nxa6 11. Ne5 h6 12. Bh4 Qe8 13. O-O g5 14. Bg3 Rc8 15. Qb3
Nc7 16. a4 e6 17. h3 Nd7 18. Nd3 Qd8 19. Nb4 Ne8 20. Nb5 Rxc1 21. Rxc1 a5 22.
Nc6 Qf6 23. Be5 1-0

[Event "Mondiale Lampo FIDE 2022"]
[Site "Alma Ata"]
[Date "30.12.2022"]
[Round "20.71"]
[White "Burmakin, Vladimir"]
[Black "Begmuratov, Khumoyun"]
[Result "0-1"]
[WhiteTitle ""]
[BlackTitle ""]
[WhiteElo "2498"]
[BlackElo "2399"]
[WhiteFideId "4105109"]
[BlackFideId "14210207"]
[EventDate "29.12.2022"]

1. Nf3 Nf6 2. g3 g6 3. b3 Bg7 4. Bb2 O-O 5. c4 b6 6. Bg2 Bb7 7. O-O c5 8. Nc3 d5
9. Nxd5 Nxd5 10. Bxg7 Kxg7 11. cxd5 Qxd5 12. d4 cxd4 13. Qxd4+ Qxd4 14. Nxd4
Bxg2 15. Kxg2 Rd8 16. Rfd1 Na6 17. Nc6 Rdc8 18. Rac1 Rc7 19. Nd4 Rac8 20. Rxc7
Rxc7 21. Rd2 Nc5 22. Nb5 Rb7 23. Nc3 Ne6 24. b4 b5 25. f4 a6 26. Kf2 Rc7 27. Nd5
Rc4 28. a3 Kf8 29. Ke3 f5 30. Rd3 Kf7 31. Rc3 Re4+ 32. Kf2 Rd4 33. Nc7 Rd6 34.
Nxe6 Kxe6 35. Ke3 h6 36. Rc8 Kf6 37. Rf8+ Kg7 38. Ra8 Kf6 39. h3 e5 40. Rh8
exf4+ 41. gxf4 Kg7 42. Ra8 g5 43. Kf3 Rc6 0-1

[Event "Mondiale Lampo FIDE 2022"]
[Site "Alma Ata"]
[Date "30.12.2022"]
[Round "20.72"]
[White "Bologan, Victor"]
[Black "Kazakov, Konstantin"]
[Result "0-1"]
[WhiteTitle ""]
[BlackTitle ""]
[WhiteElo "2574"]
[BlackElo "2385"]
[WhiteFideId "13900048"]
[BlackFideId "13700898"]
[EventDate "29.12.2022"]

1. e4 Nf6 2. e5 Nd5 3. d4 Nb6 4. Nf3 d5 5. Bd3 Bg4 6. Nbd2 e6 7. h3 Bh5 8. a4 c5
9. Bb5+ N6d7 10. c3 a6 11. Be2 Nc6 12. O-O cxd4 13. cxd4 Be7 14. Nb3 O-O 15. a5
Rc8 16. Ne1 Bg6 17. Nd3 Nb4 18. Nxb4 Bxb4 19. Bd3 Qc7 20. Bxg6 hxg6 21. Ra4 Be7
22. Bd2 Qc2 23. Qxc2 Rxc2 24. Bc3 Rc8 25. Rb1 f6 26. Na1 Re2 27. Kf1 Re4 28. f3
Rf4 29. exf6 gxf6 30. Nb3 Kf7 31. Ke2 Nb8 32. Bd2 Rh4 33. Bc3 Nc6 34. Rd1 e5 35.
Raa1 e4 36. fxe4 Rxe4+ 37. Kd3 Re8 38. Nd2 Re6 39. Re1 Nb4+ 40. Bxb4 Bxb4 41.
Rxe6 Rxe6 42. Nb3 f5 43. Ra4 Be1 44. Nc5 Re7 45. Ra1 f4 46. Kc2 g5 47. Nd3 Re2+
48. Kb3 Bg3 49. Nc5 Bf2 50. Nxb7 Bxd4 51. Rd1 Rxb2+ 52. Ka3 0-1

[Event "Mondiale Lampo FIDE 2022"]
[Site "Alma Ata"]
[Date "30.12.2022"]
[Round "20.73"]
[White "Utegaliyev, Azamat"]
[Black "Tologon tegin, Semetei"]
[Result "0-1"]
[BlackTitle ""]
[WhiteElo "2445"]
[BlackElo "2394"]
[WhiteFideId "13702467"]
[BlackFideId "13800574"]
[EventDate "29.12.2022"]

1. e4 e5 2. Bc4 Nf6 3. d3 Nc6 4. Nc3 Na5 5. Qf3 Nxc4 6. dxc4 d6 7. Nge2 Be7 8.
O-O O-O 9. h3 Be6 10. b3 Nd7 11. Ng3 Bg5 12. Rd1 Bxc1 13. Raxc1 g6 14. a4 a5 15.
Rd2 b6 16. Qe3 Qe7 17. Rf1 Rae8 18. Nb5 Nc5 19. f4 exf4 20. Qxf4 Bc8 21. Rdf2
Bb7 22. Qg4 Kh8 23. Nc3 f6 24. h4 Qe5 25. Rf3 Nxe4 26. Ncxe4 Bxe4 27. Nxe4 Qxe4
28. Rf4 Qe3+ 29. Kh1 f5 30. Qg5 Re4 31. h5 Rxf4 32. Rxf4 Kg7 33. h6+ Kg8 34. Kh2
Qe5 35. Kh3 Qf6 36. Kh4 Qe5 37. Rf3 Re8 38. Kh3 Qd4 39. g3 Qa1 40. Rf2 Qh1+ 41.
Rh2 Qf1+ 42. Rg2 Kf7 43. Kh2 Re2 44. Rxe2 Qxe2+ 45. Kg1 Qd1+ 46. Kh2 Qxc2+ 47.
Kh3 Qd1 48. Kg2 Qe2+ 49. Kg1 Qe1+ 50. Kg2 Qe4+ 51. Kh2 Qe7 52. Qd2 Qe6 53. Qd4
Qe2+ 54. Kg1 Qe1+ 55. Kh2 Qe2+ 56. Kg1 Qe5 57. Qd3 g5 58. g4 Qe1+ 59. Kh2 Qh4+
60. Kg1 Qxg4+ 61. Kh2 Qf4+ 62. Kg1 Qe4 63. Qc3 Qe5 64. Qf3 Qd4+ 65. Kf1 Qf4 0-1

[Event "Mondiale Lampo FIDE 2022"]
[Site "Alma Ata"]
[Date "30.12.2022"]
[Round "20.74"]
[White "Aleksandrov, Aleksej"]
[Black "Korelskiy, Egor"]
[Result "1-0"]
[WhiteTitle ""]
[BlackTitle ""]
[WhiteElo "2495"]
[BlackElo "2153"]
[WhiteFideId "13500139"]
[BlackFideId "34329064"]
[EventDate "29.12.2022"]

1. d4 d5 2. c4 e6 3. Nc3 c6 4. e4 dxe4 5. Nxe4 Bb4+ 6. Bd2 Qxd4 7. Bxb4 Qxe4+ 8.
Be2 c5 9. Bxc5 Qxg2 10. Bf3 Qg5 11. Be3 Qe5 12. Ne2 Ne7 13. Bd4 Qf5 14. Ng3 Qg6
15. Qd2 Nbc6 16. Bc3 e5 17. O-O-O Bg4 18. Be4 f5 19. f3 fxe4 20. fxg4 O-O 21.
Qe2 Rad8 22. Rxd8 Rxd8 23. Qxe4 Qxe4 24. Nxe4 Nd4 25. Re1 Nec6 26. b4 Nf3 27.
Re2 Ncd4 28. Rf2 Nh4 29. c5 a6 30. Kb2 Nc6 31. a4 Ng6 32. Rd2 Rxd2+ 33. Bxd2 h6
34. Nd6 Nd8 35. Kc3 Kf8 36. Kc4 Ke7 37. b5 axb5+ 38. axb5 Nh4 39. h3 Nf3 40. Be3
g5 41. Kd5 Ne1 42. Nxb7 Nxb7 43. c6 Kd8 44. cxb7 Kc7 45. Kxe5 Kxb7 46. Kf5 Ng2
47. Bd2 Nh4+ 48. Kf6 Nf3 49. Be3 Ne1 50. Kg6 Ng2 51. Bd4 Nf4+ 52. Kxh6 Nxh3 53.
Kg6 Nf4+ 54. Kf5 Nh3 55. Be3 Kc7 56. Ke4 Kb7 57. Kf3 Kc7 58. Ke4 1-0

[Event "Mondiale Lampo FIDE 2022"]
[Site "Alma Ata"]
[Date "30.12.2022"]
[Round "20.75"]
[White "Kostenko, Petr"]
[Black "Khripachenko, Alexander"]
[Result "0-1"]
[WhiteTitle ""]
[BlackTitle ""]
[WhiteElo "2374"]
[BlackElo "2219"]
[WhiteFideId "13700669"]
[BlackFideId "54184975"]
[EventDate "29.12.2022"]

1. c4 e6 2. Nf3 d5 3. g3 Nf6 4. Bg2 dxc4 5. O-O a6 6. Qc2 c5 7. Ne5 Qc7 8. Nxc4
Nc6 9. d3 Be7 10. Bf4 Qd8 11. a4 Nd5 12. Bd2 O-O 13. a5 Bf6 14. Nc3 Ndb4 15. Qd1
Qc7 16. Be3 Nd4 17. Na4 Bd7 18. Nab6 Rad8 19. Nxd7 Rxd7 20. Rc1 Rdd8 21. Kh1 Nd5
22. Bd2 g6 23. Bc3 Bg7 24. Bxd4 Bxd4 25. Qb3 Nb4 26. e3 Bg7 27. d4 Qe7 28. dxc5
Qxc5 29. Bxb7 Nd3 30. Rc2 Nb4 31. Rcc1 Nd3 32. Qb6 Qf5 33. Rb1 Nxf2+ 34. Kg2 Qc2
35. Na3 Qd2 36. Rxf2 Qd3 37. Bxa6 Qd5+ 38. Kg1 Rb8 39. Qc7 0-1

[Event "Mondiale Lampo FIDE 2022"]
[Site "Alma Ata"]
[Date "30.12.2022"]
[Round "20.76"]
[White "Abdilkhair, Abilmansur"]
[Black "Gurel, Ediz"]
[Result "1-0"]
[WhiteTitle ""]
[BlackTitle ""]
[WhiteElo "2278"]
[BlackElo "2454"]
[WhiteFideId "13716417"]
[BlackFideId "44507356"]
[EventDate "29.12.2022"]

1. d4 Nf6 2. Nc3 d5 3. Bf4 a6 4. e3 Bf5 5. Nf3 e6 6. Ne5 c5 7. g4 Bg6 8. h4 cxd4
9. exd4 Qb6 10. Rb1 Bb4 11. h5 Be4 12. f3 Nc6 13. a3 Bxc2 14. Qxc2 Qxd4 15. Nxc6
Bxc3+ 16. Qxc3 Qxf4 17. Nd4 O-O 18. Ne2 Qa4 19. g5 Rac8 20. Qd4 Rc4 21. b3 Qb5
22. Qd1 Qa5+ 23. b4 Qxa3 24. gxf6 Qxf3 25. Rh3 Qxf6 26. Rbb3 Rfc8 27. Rbf3 Qg5
28. Rfg3 Qe5 29. Qd2 Rc2 30. Qe3 Qf6 31. Rf3 Qe7 32. Rhg3 Qxb4+ 33. Kf2 Qh4 34.
h6 Qh2+ 35. Rg2 Qh4+ 36. Kg1 g6 37. Qe5 Kf8 38. Qg7+ Ke7 39. Rxf7+ Kd6 40. Rf4
Qe7 41. Qa1 e5 42. Qa3+ R8c5 43. Rff2 d4 44. Ng3 Rxf2 45. Rxf2 Qg5 46. Bg2 Qc1+
47. Qxc1 Rxc1+ 48. Kh2 Rc7 49. Ne4+ Ke6 50. Ng5+ Kd6 51. Rf6+ Ke7 52. Rf7+ Kd6
53. Ne4+ Kc6 54. Nf6+ Kd6 55. Ne8+ 1-0

[Event "Mondiale Lampo FIDE 2022"]
[Site "Alma Ata"]
[Date "30.12.2022"]
[Round "20.77"]
[White "Tsaruk, Maksim"]
[Black "Postlmayer, Jakob"]
[Result "1-0"]
[WhiteTitle ""]
[BlackTitle ""]
[WhiteElo "2373"]
[BlackElo "2314"]
[WhiteFideId "13511173"]
[BlackFideId "1643622"]
[EventDate "29.12.2022"]

1. e4 c6 2. d4 d5 3. Nd2 dxe4 4. Nxe4 Nf6 5. Nxf6+ exf6 6. c3 Bd6 7. Bd3 O-O 8.
Qc2 Re8+ 9. Ne2 h5 10. O-O h4 11. h3 Nd7 12. Be3 Nf8 13. c4 Be6 14. Qd2 Ng6 15.
f4 f5 16. Rf3 b5 17. d5 cxd5 18. cxb5 Bd7 19. Rc1 Nf8 20. Nd4 g6 21. Qf2 Qa5 22.
a3 Be7 23. Bd2 Qb6 24. Nc6 Bf6 25. Bc3 Bxc3 26. Rxc3 Ne6 27. Ne5 Red8 28. Nxd7
Rxd7 29. Rc6 Qxf2+ 30. Rxf2 Nd4 31. Rc5 Ne6 32. Rc3 Rb8 33. a4 Kf8 34. b4 Ke7
35. Rc6 Nd4 36. Rc5 Ne6 37. Rc6 Nd4 38. Rc1 Kd6 39. Rd2 Rc7 40. Rxc7 Kxc7 41.
Bf1 Ne6 42. Rxd5 Nxf4 43. Rc5+ Kd6 44. Rc6+ Kd7 45. Ra6 Rb7 46. Bc4 Ne6 47. Bd5
Rc7 48. Bc6+ Ke7 49. a5 Nd4 50. b6 axb6 51. axb6 Rxc6 52. b7 Rc1+ 53. Kf2 f4 1-0

[Event "Mondiale Lampo FIDE 2022"]
[Site "Alma Ata"]
[Date "30.12.2022"]
[Round "20.78"]
[White "Munkhdalai, Amilal"]
[Black "Suleimen, Ergali"]
[Result "1-0"]
[WhiteTitle ""]
[WhiteElo "2142"]
[BlackElo "2073"]
[WhiteFideId "4903250"]
[BlackFideId "13724452"]
[EventDate "29.12.2022"]

1. e4 c5 2. Nf3 Nc6 3. d4 cxd4 4. Nxd4 e5 5. Nb5 d6 6. c4 a6 7. N5c3 Nf6 8. Na3
Be7 9. Be2 O-O 10. Be3 Be6 11. O-O Rc8 12. f3 Na5 13. Nd5 Bxd5 14. cxd5 b5 15.
b3 Nd7 16. Qd2 h6 17. Rfc1 Rxc1+ 18. Rxc1 Bg5 19. Nc2 Qb6 20. Bxb6 Bxd2 21. Rd1
Nxb6 22. Rxd2 Rc8 23. Nb4 Ra8 24. Rc2 Ra7 25. Bd3 Nd7 26. Rc8+ Kh7 27. Nc6 Nxc6
28. Rxc6 Nc5 29. Bf1 b4 30. Rxd6 a5 31. Rc6 Nd7 32. d6 a4 33. Rc7 axb3 34. Rxa7
b2 35. Bd3 Nc5 36. Bb1 1-0

[Event "Mondiale Lampo FIDE 2022"]
[Site "Alma Ata"]
[Date "30.12.2022"]
[Round "20.79"]
[White "Gadimbayli, Abdulla"]
[Black "Mamedov, Edgar"]
[Result "1-0"]
[WhiteTitle ""]
[BlackTitle ""]
[WhiteElo "2524"]
[BlackElo "2283"]
[WhiteFideId "13404938"]
[BlackFideId "13739980"]
[EventDate "29.12.2022"]

1. d4 d5 2. Bf4 Nf6 3. Nc3 e6 4. Nb5 Bd6 5. Nxd6+ cxd6 6. e3 O-O 7. h3 Nc6 8.
Nf3 Re8 9. c3 h6 10. Bh2 e5 11. Be2 Bf5 12. O-O Qb6 13. Qb3 Qc7 14. Rac1 Qd7 15.
dxe5 dxe5 16. Bb5 Ne4 17. Nxe5 Rxe5 18. Bxe5 Bxh3 19. Bxc6 Qg4 20. Bg3 bxc6 21.
Qd1 Qg5 22. Qf3 Nd2 23. Qf4 Qxf4 24. Bxf4 Nxf1 25. Kxf1 Be6 26. Bd6 f6 27. Ke2
Kf7 28. f3 a5 29. a4 Bd7 30. Bc5 Bc8 31. Kd2 Ba6 32. Rh1 Bc4 33. Ra1 g5 34. b4
axb4 35. cxb4 h5 36. Kc3 Bb5 37. a5 Ke6 38. g3 Ra6 39. Rh1 Be2 40. Rxh5 Bxf3 41.
Rh8 Be2 42. Kd4 Kf5 43. Rf8 Kg4 44. Bd6 f5 45. Kc5 Bd3 46. Rg8 Kf3 47. Rxg5 Kxe3
48. Rg7 Bb5 49. Re7+ Kf3 50. Kd4 Ra8 51. Rf7 Kg4 52. Rg7+ Kf3 53. Rg5 Re8 54.
Rxf5+ Kg4 55. Rf7 Re4+ 56. Kc5 d4 57. Rf4+ Rxf4 58. Bxf4 d3 59. Kb6 Kf5 60. a6 1-0

[Event "Mondiale Lampo FIDE 2022"]
[Site "Alma Ata"]
[Date "30.12.2022"]
[Round "20.80"]
[White "Suyarov, Mukhammadzokhid"]
[Black "Degenbaev, Aziz"]
[Result "1-0"]
[WhiteTitle ""]
[WhiteElo "2299"]
[BlackElo "2139"]
[WhiteFideId "14210495"]
[BlackFideId "13802640"]
[EventDate "29.12.2022"]

1. d4 f5 2. Nc3 Nf6 3. Bg5 d5 4. Nf3 e6 5. e3 Be7 6. Ne5 O-O 7. Ne2 c5 8. c3 Nc6
9. Nf4 h6 10. h4 Nxe5 11. dxe5 Ne4 12. Bxe7 Qxe7 13. Ng6 Qc7 14. Nxf8 Kxf8 15.
Bd3 Qxe5 16. Bxe4 fxe4 17. Qg4 Bd7 18. O-O-O b5 19. Qf4+ Qxf4 20. exf4 a5 21.
Kd2 Ke7 22. Ke3 b4 23. f3 exf3 24. gxf3 Rb8 25. Rb1 Be8 26. Rhg1 Kf6 27. cxb4
axb4 28. b3 Ra8 29. Rg2 Ra7 30. Rc1 d4+ 31. Kf2 Rxa2+ 32. Kg3 Ra5 33. f5 Kxf5
34. Rgc2 e5 35. Rxc5 Rxc5 36. Rxc5 Bf7 37. Rb5 Bxb3 38. Rxb4 Bd5 39. Rb5 Bc6 40.
Rc5 Ba4 41. f4 Ke4 42. Rxe5+ Kd3 43. Re7 g6 44. Re6 Kc2 45. Rxg6 h5 46. Ra6 Bb5
47. Rb6 Be2 48. Rc6+ Kb3 49. Rd6 Kc3 50. f5 Bc4 51. Kf4 Bd3 52. f6 Bg6 53. Kg5
Be8 54. Rd8 Bf7 55. Rd7 Be6 56. f7 1-0

[Event "Mondiale Lampo FIDE 2022"]
[Site "Alma Ata"]
[Date "30.12.2022"]
[Round "20.81"]
[White "Uskov, Artem"]
[Black "Mamatov, Melis"]
[Result "1-0"]
[WhiteTitle ""]
[BlackTitle ""]
[WhiteElo "2376"]
[BlackElo "2399"]
[WhiteFideId "34254854"]
[BlackFideId "13800027"]
[EventDate "29.12.2022"]

1. e4 c5 2. Nf3 d6 3. d4 cxd4 4. Nxd4 Nf6 5. Nc3 e5 6. Nb3 Be6 7. Bg5 Be7 8. Qd2
O-O 9. f3 a6 10. O-O-O Nbd7 11. h4 b5 12. Nd5 Bxd5 13. exd5 Rc8 14. Na5 Nb8 15.
Nb3 Nbd7 16. g4 Qc7 17. Kb1 Nb6 18. Bxf6 Bxf6 19. g5 Bd8 20. h5 Nc4 21. Qc1 a5
22. g6 fxg6 23. Bh3 Rf6 24. hxg6 hxg6 25. f4 a4 26. Nd2 Ne3 27. Ne4 Nxd1 28.
Nxf6+ Bxf6 29. Be6+ Kf8 30. Rh8+ Ke7 31. Rxc8 1-0

[Event "Mondiale Lampo FIDE 2022"]
[Site "Alma Ata"]
[Date "30.12.2022"]
[Round "20.82"]
[White "Vetokhin, Savva"]
[Black "Khusenkhojaev, Mustafokhuja"]
[Result "0-1"]
[WhiteTitle ""]
[WhiteElo "2354"]
[BlackElo "2265"]
[WhiteFideId "44144474"]
[BlackFideId "14700727"]
[EventDate "29.12.2022"]

1. Nf3 Nf6 2. g3 g6 3. Bg2 Bg7 4. O-O O-O 5. d4 d5 6. Nbd2 b6 7. c4 Bb7 8. cxd5
Bxd5 9. Nb1 Nbd7 10. Nc3 Bb7 11. Re1 Ne4 12. Qc2 Nxc3 13. bxc3 c5 14. e4 cxd4
15. cxd4 Rc8 16. Qb3 Nc5 17. Qe3 Nxe4 18. Ne5 Nd6 19. Bxb7 Nxb7 20. Qf3 Na5 21.
Bf4 Qxd4 22. Rad1 Qc3 23. Qe4 e6 24. Rd3 Qb2 25. Rd7 Qxa2 26. h4 Qc2 27. Qf3 Nc6
28. Ng4 Nd4 29. Qe3 Qc3 30. Kg2 Qxe3 31. Rxe3 a5 32. Nh6+ Bxh6 33. Bxh6 Nf5 34.
Bxf8 Nxe3+ 35. fxe3 Rxf8 36. Rb7 Ra8 37. Rxb6 a4 38. Rb2 a3 39. Ra2 h5 40. Kf3
Ra4 41. e4 Kf8 42. Ke3 Ke7 43. Kf4 Kf6 44. Ke3 Ke5 45. Kd3 f6 46. Kc3 Kxe4 47.
Kb3 Ra6 48. Rf2 e5 49. Ka2 Ke3 50. Rf1 e4 51. Rf4 Kd3 52. Rf1 e3 53. Rd1+ Ke2
54. Rd4 Kf2 55. Rf4+ Kxg3 56. Re4 Kf3 57. Re6 0-1

[Event "Mondiale Lampo FIDE 2022"]
[Site "Alma Ata"]
[Date "30.12.2022"]
[Round "20.83"]
[White "Akhilbay, Imangali"]
[Black "Petkov, Momchil"]
[Result "0-1"]
[BlackTitle ""]
[WhiteElo "2140"]
[BlackElo "2531"]
[WhiteFideId "13734857"]
[BlackFideId "2921642"]
[EventDate "29.12.2022"]

1. d4 Nf6 2. Bf4 d5 3. Nc3 e6 4. Nb5 Na6 5. e3 Be7 6. Nf3 O-O 7. h4 Ne4 8. Nd2
c6 9. Nxe4 dxe4 10. Nc3 f5 11. h5 Nb4 12. g4 Nd5 13. Nxd5 exd5 14. gxf5 Bxf5 15.
Rg1 Kh8 16. Qd2 Bd6 17. Bg5 Qd7 18. Be2 Bh3 19. Bh4 Bh2 20. Rh1 Qc7 21. O-O-O
Bg2 22. Rhe1 Qd7 23. Qb4 Bd6 24. Qb3 Qh3 25. Bg5 b5 26. Rg1 Rxf2 27. Rde1 Qg3
28. Qc3 Qxg5 29. Qxc6 Rd8 30. Bf1 Rxf1 31. Rexf1 Qxe3+ 32. Kb1 Bxf1 33. Rxf1 h6
34. Qxd5 Qh3 35. Qxb5 e3 36. Re1 Bg3 0-1